| 000 | 00809nam a2200253 a 4500 | ||
|---|---|---|---|
| 001 | BRCA_368 | ||
| 005 | 20190320202959.0 | ||
| 008 | 720710s1972 nyua 000 0 eng | ||
| 020 | _a0834810050 | ||
| 040 |
_aDLC _cDLC _dDLC |
||
| 041 | _aengjpn | ||
| 050 | 4 |
_aND2071 _b.T36 1972 |
|
| 100 | 1 |
_aTanaka, Ichimatsu _d1895- _91237 |
|
| 245 | 1 | 0 |
_aJapanese Ink Painting _bShubun to Sesshu _cIchimatsu Tanaka ; translated by Bruce Darling. |
| 260 |
_aNueva York _bWeatherhill _c[1972] |
||
| 300 |
_a174 p. _bil. (algunas a color) _c24 cm. |
||
| 440 | 0 |
_aThe Heibonsha Survey of Japanese Art _v12 _91238 |
|
| 500 | _aTraducción de: Shubun kara Sesshu e. | ||
| 500 | _aDonación Fundación Japón | ||
| 650 | 1 | 4 |
_aPintura japonesa en tinta _91239 |
| 700 | 1 |
_aDarling, Bruce _91240 |
|
| 902 | _aDFJ | ||
| 942 |
_2lcc _cB |
||
| 999 |
_c305 _d305 |
||